00493nam a22001697a 450000500170000001000130001702000130003003500130004303700160005608200070007210000300007924500450010924600390015426000450019327000620023830000230030020200106161216.0 aA-845698 c60.00a- aA-845698 bDBAD/PUBa- aک aقا سم خو ر شيد  aپو سٹرcقا سم خو ر شيد  bPoster (Urdu)aby Qasim Khursheed  aN.DelhibTakhleeqkar Publishersc1996 ء a1779,Kucha Dakhni Rai ,Darya Ganj,bN.Delhie110002k-l- a108 ص c22 Cm(Hb)